Ministres du gouvernement de Lionel Jospin - Statistiques

Statistiques générales
  • Ce quiz a été pris 316 fois
  • Le résultat moyen est 13 sur 30
Statistiques - réponses
Hint Réponse % Correct
Premier Ministre Lionel Jospin
97%
Ministre de l'Emploi et de la Solidarité (1) Martine Aubry
84%
Ministre de l'Économie, des Finances et de l'Industrie (1) Dominique Strauss-Kahn
73%
Ministre de l'Économie, des Finances et de l'Industrie (3) Laurent Fabius
72%
Ministre de l'Intérieur (1) Jean-Pierre Chevènement
70%
Ministre de l'Intérieur (3) Jean-Pierre Chevènement
70%
Ministre de l'Emploi et de la Solidarité (2) Élisabeth Guigou
64%
Garde des Sceaux, ministre de la Justice (1) Élisabeth Guigou
64%
Ministre de l'Éductation nationale (2) Jack Lang
64%
Ministre de la Jeunesse et des Sports Marie-George Buffet
53%
Ministre des Affaires étrangères Hubert Védrine
50%
Ministre de l'Éducation nationale, de la Recherche et de la Technologie (1) Claude Allègre
49%
Garde des Sceaux, ministre de la Justice (2) Marylise Lebranchu
45%
Ministre de l'Intérieur (4) Daniel Vaillant
41%
Ministre des Relations avec le Parlement (1) Daniel Vaillant
41%
Ministre de la Fonction publique et de la Réforme de l'État (2) Michel Sapin
38%
Ministre de la Culture et de la Communication Catherine Trautmann
37%
Ministre de la Défense Alain Richard
27%
Ministre de l'Équipement, des Transports et du Logement Jean-Claude Gayssot
26%
Porte-parole du gouvernement Catherine Tasca
23%
Ministre de l'Aménagement du territoire et de l'Environnement (2) Yves Cochet
23%
Ministre de l'Agriculture et de la Pêche (2) Jean Glavany
22%
Ministre de l'Aménagement du territoire et de l'Environnement (1) Dominique Voynet
21%
Ministre de l'Intérieur (2) Jean-Jack Queyranne
21%
Ministre des Relations avec le Parlement (2) Jean-Jack Queyranne
21%
Ministre de l'Agriculture et de la Pêche (1) Louis Le Pensec
21%
Ministre de l'Économie, des Finances et de l'Industrie (2) Christian Sautter
20%
Ministre de l'Agriculture et de la Pêche (3) François Patriat
16%
Ministre de la Recherche (2) Roger-Gérard Schwartzenberg
15%
Ministre de la Fonction publique, de la Réforme de l'État et de la Décentralisation (1) Émile Zuccarelli
13%
Aucun quiz correspondant
Distribution des résultats
% des personnes avec chaque résultat
Percentile par nombre de réponses
Votre historique - résultats
Vous n’avez pas pris ce quiz